000 00215 a2200097 4500
001 57889
100 _a
245 _aDeath of princess
260 _aLondon
_bWeidenfeld & Nicolson
_c
090 _c35499
_d35499
942 _aNUST-CAE
_cMONOGRAPH
_c28334
999 _c292962
_d292962